Culinary economics (Record no. 235320)
[ view plain ]
| 000 -LEADER | |
|---|---|
| fixed length control field | 00385nam a2200157Ia 4500 |
| 008 - FIXED-LENGTH DATA ELEMENTS--GENERAL INFORMATION | |
| fixed length control field | 231221s9999 xx 000 0 und d |
| 020 ## - INTERNATIONAL STANDARD BOOK NUMBER | |
| International Standard Book Number | 9790000000000 |
| 041 ## - LANGUAGE CODE | |
| Language code of text/sound track or separate title | English |
| 082 ## - DEWEY DECIMAL CLASSIFICATION NUMBER | |
| Classification number | 658.15 MAT;1 |
| 100 ## - MAIN ENTRY--PERSONAL NAME | |
| Personal name | Mathur, Y B. |
| 245 #0 - TITLE STATEMENT | |
| Title | Culinary economics |
| 260 ## - PUBLICATION, DISTRIBUTION, ETC. | |
| Date of publication, distribution, etc. | 2017 |
| Name of publisher, distributor, etc. | I K Intelnational |
| Place of publication, distribution, etc. | New Delhi |
| 300 ## - PHYSICAL DESCRIPTION | |
| Extent | xxxv, 248 |
| 300 ## - PHYSICAL DESCRIPTION | |
| Dimensions | PU9560,CD7170 |
| 942 ## - ADDED ENTRY ELEMENTS (KOHA) | |
| Koha item type | Compact Disks |
| Date last seen | Total checkouts | Full call number | Accession number | Price effective from | Category | Lost status | Damaged status | Department | Withdrawn status | Home library | Current library | Shelving location | Entry date | Vendor | Grants | Currency symbol | Conversion rate | Discount |
|---|---|---|---|---|---|---|---|---|---|---|---|---|---|---|---|---|---|---|
| 26/01/2024 | 658.15 MAT;1 | CD7170 | 26/01/2024 | Compact Disks | HEM | Central Library | Central Library | BHM | Book Paradise | BHM | AUS DOLLAR | 298.5 | ||||||
| 26/01/2024 | 658.15 MAT;2 | CD7171 | 26/01/2024 | Compact Disks | HEM | Central Library | Central Library | BHM | Book Paradise | BHM | AUS DOLLAR | 298.5 | ||||||
| 26/01/2024 | 658.15 MAT;3 | CD7172 | 26/01/2024 | Compact Disks | HEM | Central Library | Central Library | BHM | Book Paradise | BHM | AUS DOLLAR | 298.5 |
